Els arxius, entre la memòria històrica i la societat del coneixement / Ramon Alberch i Fugueras

per Alberch i Fugueras, Ramon, 1951-

ISBN: 84-7306-773-8
Publicat: Barcelona : Pòrtic : UOC , 2002
Descripció física: 199 p. : quadres ; 24 cm

MARC

LEADER 00000nam a2200000Ia 4500
001 15838
008 160829s2002 xx 000 0 cat d
020 |a 84-7306-773-8 (Pòrtic) 84-8429-876-0 (OUC) 
080 |a A-2-202 
100 |a Alberch i Fugueras, Ramon,  |d 1951-  |9 22280 
245 |a Els arxius, entre la memòria històrica i la societat del coneixement / Ramon Alberch i Fugueras 
260 |a Barcelona :  |b Pòrtic :  |b UOC,  |c 2002 
300 |a 199 p. :  |b  quadres ;  |c 24 cm 
490 |a Biblioteca oberta. Ágora ; 17 
590 |a Bibliografia p. [179]-195 
650 |a Arxivística   |9 36557 
650 |a Arxius  |x Administració  |9 37178 
901 |a Arxiu 
942 |n 1 
952 |0 0  |1 0  |4 0  |6 A2202  |7 1  |9 47733  |a Arxiu  |b Arxiu  |d 2016-12-01  |l 0  |o A-2-202  |p 15838  |r 2016-12-01 00:00:00  |w 2016-12-01  |y ARXIU 
999 |c 51532  |d 51532